| 000 | 00826cam a2200217Ia 4500 | ||
|---|---|---|---|
| 020 | _a0898158389 | ||
| 020 | _a9780898158380 | ||
| 040 | _cDLC | ||
| 082 | 0 | 0 | _a641 TEN 1996 C153 Or. |
| 100 | 1 | _aTrotter, Charlie | |
| 245 | 1 | 0 | _aCharlie Trotter's vegetables / |
| 246 | 3 | 0 | _aVegetables |
| 260 |
_aBerkeley, Calif. : _bTen Speed Press, _cc1996 |
||
| 300 |
_a239 p. : _bill. (some col.) ; _c30 cm |
||
| 500 | _aIncludes index | ||
| 520 | _aChef Charlie Trotter presents more than eighty recipes for vegetable dishes, including soups, main dishes, side dishes, and desserts, arranged by the months of the year | ||
| 650 | 0 | _aCooking (Vegetables) | |
| 856 | 4 | 2 | _uhttp://catdir.loc.gov/catdir/enhancements/fy0909/96003946-b.html |
| 856 | 4 | 2 | _uhttp://catdir.loc.gov/catdir/enhancements/fy0909/96003946-d.html |
| 942 | _cAEDBB | ||
| 999 |
_c18893 _d18893 |
||